<?xml version="1.0" encoding="UTF-8"?><?xml-stylesheet type="text/xsl" href="static/style.xsl"?><OAI-PMH xmlns="http://www.openarchives.org/OAI/2.0/" xmlns:xsi="http://www.w3.org/2001/XMLSchema-instance" xsi:schemaLocation="http://www.openarchives.org/OAI/2.0/ http://www.openarchives.org/OAI/2.0/OAI-PMH.xsd"><responseDate>2026-06-06T17:41:50Z</responseDate><request verb="GetRecord" identifier="oai:riuma.uma.es:10630/33410" metadataPrefix="marc">https://riuma.uma.es/rest/oai/request</request><GetRecord><record><header><identifier>oai:riuma.uma.es:10630/33410</identifier><datestamp>2026-02-03T11:28:06Z</datestamp><setSpec>com_10630_2254</setSpec><setSpec>col_10630_37953</setSpec></header><metadata><record xmlns="http://www.loc.gov/MARC21/slim" xmlns:dcterms="http://purl.org/dc/terms/" xmlns:doc="http://www.lyncode.com/xoai" xmlns:xsi="http://www.w3.org/2001/XMLSchema-instance" xsi:schemaLocation="http://www.loc.gov/MARC21/slim http://www.loc.gov/standards/marcxml/schema/MARC21slim.xsd">
   <leader>00925njm 22002777a 4500</leader>
   <datafield ind2=" " ind1=" " tag="042">
      <subfield code="a">dc</subfield>
   </datafield>
   <datafield ind2=" " ind1=" " tag="720">
      <subfield code="a">Lozano Durán, Rosa</subfield>
      <subfield code="e">author</subfield>
   </datafield>
   <datafield ind2=" " ind1=" " tag="720">
      <subfield code="a">Rosas-Díaz, Tábata Victoria</subfield>
      <subfield code="e">author</subfield>
   </datafield>
   <datafield ind2=" " ind1=" " tag="720">
      <subfield code="a">Pérez-Luna, Ana Isabel</subfield>
      <subfield code="e">author</subfield>
   </datafield>
   <datafield ind2=" " ind1=" " tag="720">
      <subfield code="a">Rodríguez-Bejarano, Eduardo</subfield>
      <subfield code="e">author</subfield>
   </datafield>
   <datafield ind2=" " ind1=" " tag="260">
      <subfield code="c">2011-07-26</subfield>
   </datafield>
   <datafield ind2=" " ind1=" " tag="520">
      <subfield code="a">Geminiviruses, like all viruses, rely on the host cell machinery to establish a successful infection, but the identity and&#xd;
function of these required host proteins remain largely unknown. Tomato yellow leaf curl Sardinia virus (TYLCSV), a&#xd;
monopartite geminivirus, is one of the causal agents of the devastating Tomato yellow leaf curl disease (TYLCD). The&#xd;
transgenic 2IRGFP N. benthamiana plants, used in combination with Virus Induced Gene Silencing (VIGS), entail an&#xd;
important potential as a tool in reverse genetics studies to identify host factors involved in TYLCSV infection. Using these&#xd;
transgenic plants, we have made an accurate description of the evolution of TYLCSV replication in the host in both space&#xd;
and time. Moreover, we have determined that TYLCSV and Tobacco rattle virus (TRV) do not dramatically influence each&#xd;
other when co-infected in N. benthamiana, what makes the use of TRV-induced gene silencing in combination with TYLCSV&#xd;
for reverse genetic studies feasible. Finally, we have tested the effect of silencing candidate host genes on TYLCSV infection,&#xd;
identifying eighteen genes potentially involved in this process, fifteen of which had never been implicated in geminiviral&#xd;
infections before. Seven of the analyzed genes have a potential anti-viral effect, whereas the expression of the other eleven&#xd;
is required for a full infection. Interestingly, almost half of the genes altering TYLCSV infection play a role in postranslational&#xd;
modifications. Therefore, our results provide new insights into the molecular mechanisms underlying geminivirus infections,&#xd;
and at the same time reveal the 2IRGFP/VIGS system as a powerful tool for functional reverse genetics studies.</subfield>
   </datafield>
   <datafield ind1="8" ind2=" " tag="024">
      <subfield code="a">Lozano-Durán R, Rosas-Díaz T, Luna AP, Bejarano ER (2011) Identification of Host Genes Involved in Geminivirus Infection Using a Reverse Genetics Approach. PLoS ONE 6(7): e22383. https://doi.org/10.1371/journal.pone.0022383</subfield>
   </datafield>
   <datafield ind1="8" ind2=" " tag="024">
      <subfield code="a">https://hdl.handle.net/10630/33410</subfield>
   </datafield>
   <datafield ind1="8" ind2=" " tag="024">
      <subfield code="a">10.1371/journal.pone.0022383</subfield>
   </datafield>
   <datafield tag="653" ind2=" " ind1=" ">
      <subfield code="a">Virus</subfield>
   </datafield>
   <datafield ind2="0" ind1="0" tag="245">
      <subfield code="a">Identification of Host Genes Involved in Geminivirus Infection Using a Reverse Genetics Approach</subfield>
   </datafield>
</record>
</metadata></record></GetRecord></OAI-PMH>